ਬਦਲਦੇ ਚਿਹਰੇ / (Record no. 109986)

MARC details
000 -LEADER
fixed length control field 01145nam a22003017a 4500
003 - CONTROL NUMBER IDENTIFIER
control field dpl
005 - DATE AND TIME OF LATEST TRANSACTION
control field 20170123164146.0
008 - FIXED-LENGTH DATA ELEMENTS--GENERAL INFORMATION
fixed length control field 161215b xxu||||| |||| 00| 0 eng d
010 ## - LIBRARY OF CONGRESS CONTROL NUMBER
LC control number B-210197
020 ## - INTERNATIONAL STANDARD BOOK NUMBER
Terms of availability 150.00
International Standard Book Number 8126020784
035 ## - SYSTEM CONTROL NUMBER
System control number B-210197
037 ## - SOURCE OF ACQUISITION
Stock number Cen Lib/Ret
040 ## - CATALOGING SOURCE
Original cataloging agency DPL
Language of cataloging PA
Transcribing agency TIT
082 ## - DEWEY DECIMAL CLASSIFICATION NUMBER
Classification number
Item number ਜੈਕਾਂਤ
100 ## - MAIN ENTRY--PERSONAL NAME
Personal name ਜੈਕਾਂਤਨ, ਡੀ
9 (RLIN) 122178
245 ## - TITLE STATEMENT
Title ਬਦਲਦੇ ਚਿਹਰੇ /
Statement of responsibility, etc ਡੀ ਜੈਕਾਂਤਨ ; ਅਨੁਵਾਦਕ ਵਨੀਤਾ
246 ## - VARYING FORM OF TITLE
Title proper/short title Badlde Chehre /
Remainder of title by Jayakanthan ; translated by Vanita
260 ## - PUBLICATION, DISTRIBUTION, ETC. (IMPRINT)
Place of publication, distribution, etc ਦਿੱਲੀ
Name of publisher, distributor, etc ਸਾਹਿਤ ਅਕਾਦੇਮੀ
Date of publication, distribution, etc 2005
270 ## - ADDRESS
City ਦਿੱਲੀ
300 ## - PHYSICAL DESCRIPTION
Extent 256p ;
Other physical details 24cm(Hb)
500 ## - GENERAL NOTE
General note ਸਾਹਿਤ ਅਕਾਦੇਮੀ ਵੇੰਲੋ ਸਨਮਾਨਿਤ ਤਲੀਲ ਨਾਵਲ
650 ## - SUBJECT ADDED ENTRY--TOPICAL TERM
Topical term or geographic name as entry element ਸਾਹਿਤ --ਪੰਜਾਬੀ
9 (RLIN) 122179
650 ## - SUBJECT ADDED ENTRY--TOPICAL TERM
Topical term or geographic name as entry element ਪੰਜਾਬੀ -- ਨਾਵਲ
9 (RLIN) 122180
650 ## - SUBJECT ADDED ENTRY--TOPICAL TERM
Topical term or geographic name as entry element literature--Punjabi
9 (RLIN) 114104
650 ## - SUBJECT ADDED ENTRY--TOPICAL TERM
Topical term or geographic name as entry element Punjabi-- noval
9 (RLIN) 115816
700 ## - ADDED ENTRY--PERSONAL NAME
Personal name ਵਨੀਤਾ
9 (RLIN) 6954
942 ## - ADDED ENTRY ELEMENTS (KOHA)
Source of classification or shelving scheme Dewey Decimal Classification
Koha item type Punjabi Bks
Classification part
Call number suffix ਜੈਕਾਂਤ
Holdings
Withdrawn status Lost status Source of classification or shelving scheme Damaged status Not for loan Home library Current library Date acquired Source of acquisition Cost, normal purchase price Total Checkouts Full call number Barcode Date last seen Copy number Cost, replacement price Price effective from Koha item type
    Dewey Decimal Classification     Central Library Central Library 12/01/2016 Cen Lib/Ret 150.00   ਓ ਜੈਕਾਂਤਨ B-210197 12/01/2016 1 150.00 12/01/2016 Punjabi Bks
    Dewey Decimal Classification     Patel Nagar Patel Nagar 05/03/2019   150.00   ਓ ਜੈਕਾਂਤ B-201100 05/03/2019   150.00 05/03/2019 Punjabi Bks

© Delhi Public Library
Hit Counter
free hit counter